Normal view
MARC view
- Drama - Theatre - London
Entry Topical Term
001 - CONTROL NUMBER
- control field: 2524
003 - CONTROL NUMBER IDENTIFIER
- control field: JO-AjAnu
005 - DATE AND TIME OF LATEST TRANSACTION
- control field: 20230606070722.0
008 - FIXED-LENGTH DATA ELEMENTS
- fixed length control field: 230606|| aca||aabn | a|a d
040 ## - CATALOGING SOURCE
- Original cataloging agency: JO-AjAnu
- Transcribing agency: JO-AjAnu
150 ## - HEADING--TOPICAL TERM
- Topical term or geographic name entry element: Drama - Theatre - London
670 ## - SOURCE DATA FOUND
- Source citation: Work cat.: (JO-AjAnu)1320: DILLON, JANETTE, author 2523, THEATRE, COURT AND CITY, 1595-1610: Drama and Social Space in London